1717 1336 1584 1024 1035 1737 1810 1110 1161 1474 1513 1555 1584 1363 1155 1846 1147 1593 1410 1653 1818 1819 1155 1642 1275 1413 1953 1676 1482 1831 1548 1509 1859 1425 1720 1714 1468 1165 1461 1940 1922 1525 1321 1411 1239 1440 1919 1482 1050 1045 1986 1308 1291 1075 1280 1488 1368 1076 1213 1493 1729 1240 1882 1424 1629 1703 1229 1067 1484 1272 1158 1966 1773 1217 1529 1438 1642 1905 1400 1455 1799 1643 1169 1547 1853 1418 1579 1538 1426 1337 1464 1213 1453 1630 1446 1882 1243 1271 1235 BCNSPRNW ULIB Ver.6.0+V

เปลี่ยนเป็นภาษาไทย

Change to English
 แสดงรายละเอียดบรรณานุกรม
  กลับหน้าหลัก

Brief Record : Get Marc (ISO 2709) : E-mail record : QR code < ปิดหน้าต่าง
LEADER : 00000nam 2200000uu 4500
001    13399120663
003     ULIB
008    121002s2552||||th 000 0 tha d
020    ^a9789748480411
060 04 ^aBQ4570.M4^bพ831พ
110 1  ^aกระทรวงสาธารณสุข^bสำนักแพทย์ทางเลือก
245 00 ^aพุทธธรรมบำบัด /^cสำนักแพทย์ทางเลือก
250    ^aพิมพ์ครั้งที่ 3
260    ^a[นนทบุรี] :^bสำนักแพทย์ทางเลือก,^c2552
300    ^a102 หน้า
650  7 ^aบำบัดโรค
700 0  ^aแพทย์พงษ์ วรพงศ์พิเชษฐ
945    ^p0^l0^i16517
995    ^aวิภา
999 ^a ใช้งานได้ทุกระบบ
รายการนี้ยังไม่มีแท็ก
คุณยังไม่ได้ล็อกอิน คุณสามารถมีกิจกรรมร่วมกับเว็บไซต์ได้ แต่ต้องล็อกอินก่อน ::
  ล็อกอิน

รายการสื่อสารสนเทศ

ลำดับที่ ประเภท เลขเรียก/บาร์โค้ด สถานที่ สถานะ
1. วิทยาศาสตร์การแพทย์ และสุขภาพ
วิทยาศาสตร์การแพทย์ และสุขภาพ
BQ4570.M4 พ831พ  
  Barcode: 16517
ห้องสมุดวิทยาเขตสวรรค์ประชารักษ์
►หนังสือทั่วไป
บนชั้น

รายการใกล้เคียง
    หัวเรื่อง [บำบัดโรค]

BibComment


ยังไม่เคยถูกคอมเมนท์

คอมเมนท์ทรัพยากรรายการนี้
  คอมเมนท์: พุทธธรรมบำบัด ส..


 Copyright 2026. Bcnsprnw @Library